000 00758cam a22002653a 4500
001 31373
003 PGUSA
005 20140828083658.0
008 100223s2010||||xxu|||||s|||||000 | eng d
040 _aPGUSA
_beng
042 _adc
050 4 _aHX
100 1 _aEdson, Milan C.
245 1 0 _aSolaris Farm :
_bA Story of the Twentieth Century
_h[electronic resource] /
_cMilan C. Edson
260 _bProject Gutenberg,
_c2010
506 _aPublic domain in the USA.
516 _aElectronic text
653 _aCooperation
653 _aUtopias
653 _aAgriculture, Cooperative
740 0 _aSolaris Farm: A Story of the 20th Century
830 0 _aProject Gutenberg
_v31373
856 4 0 _uhttp://www.gutenberg.org/ebooks/31373
942 _cEB
999 _c260628
_d260628